000 00403nam a22001697a 4500
999 _c9530
_d9530
003 GBCCL
005 20241126110714.0
008 230227b ||||| |||| 00| 0 eng d
040 _cGBC
082 _a248
_bZAB
100 _aZabiak, H
_916596
245 _aPathian khitui luanna
260 _aNew Delhi :
_bAuthor,
_c2022.
300 _a128p. ;
650 _aChristian life
_9183
942 _2ddc
_cBK
_02